| 000 | 01010nam a2200301 i 4500 | ||
|---|---|---|---|
| 001 | 105859 | ||
| 003 | ES-MaACL | ||
| 005 | 20230906184008.0 | ||
| 007 | t| | ||
| 008 | 060904s1981 sp ||||1| spa d | ||
| 020 | _a84-7366-139-7 | ||
| 080 | _a32(46)"1981" | ||
| 080 | _a355(46) | ||
| 080 | _a929 Pitarch, José Luis:32 | ||
| 100 | 1 |
_aPitarch, José Luis. _992406 |
|
| 245 | 1 | 0 |
_aDiario abierto de un militar constitucionalista : _b(primavera de 1981) / _cJosé Luis Pitarch ; prólogo de Antonio de Senillosa. |
| 260 |
_aValencia : _bFernando Torres, _c[1981] |
||
| 300 |
_a250 p. ; _c19 cm. |
||
| 490 | 1 |
_aDebates y testimonio ; _v1 |
|
| 650 | 1 | 4 |
_aMilitares- _xEspaña. _915043 |
| 651 | 4 |
_aEspaña- _xHistoria- _y1981, Golpe de Estado. _98339 |
|
| 700 | 1 |
_aSenillosa, Antonio de. _9105469 |
|
| 830 | 1 |
_aDebates y testimonio ; _v1 _9232779 |
|
| 852 | 4 |
_aES-MaACL _jAND-680 _z- Biblioteca Juan Andrade |
|
| 852 | 4 |
_aES-MaACL _jL-1703 |
|
| 852 | 4 |
_aES-MaACL _jL-2137 |
|
| 999 |
_c105859 _d105859 |
||